| Tag |
First Indicator |
Second Indicator |
Subfields |
| LEADER |
00000cam a2200000Ia 4500 |
| 001 |
in00001642821 |
| 005 |
20151023090740.0 |
| 008 |
920319s1971 is a b 000 0 eng d |
| 035 |
|
|
|a (OCoLC)ocm25496831
|
| 040 |
|
|
|a UUS
|c UUS
|d TXA
|d UtOrBLW
|
| 041 |
1 |
|
|a eng
|h rus
|
| 049 |
|
|
|a TXAM
|
| 090 |
|
|
|a SB733
|b .S65 1971
|
| 100 |
1 |
|
|a Solov'ev, A. M.
|
| 245 |
1 |
0 |
|a Bioecology of the fungus fomitopsis annosa (FR) Karst in the fir forest of the Altai =
|b K bioekologii griba Fomitopsis annosa (Fr) karst. v pikhtovykh lesakh Altaya /
|c A.M. Solov'ev ; translated from Russian.
|
| 246 |
3 |
1 |
|a K bioekologii griba Fomitopsis annosa (Fr) karst. v pikhtovykh lesakh Altaya
|
| 264 |
|
1 |
|a Jerusalem :
|b published pursuant to an agreement with The U.S. Dept. of Agriculture and the National Science Foundation, Washington, D.C., by the Israel Program for Scientific Translations,
|c 1971.
|
| 300 |
|
|
|a 26 pages :
|b illustrations ;
|c 24 cm.
|
| 336 |
|
|
|a text
|b txt
|2 rdacontent
|
| 337 |
|
|
|a unmediated
|b n
|2 rdamedia
|
| 338 |
|
|
|a volume
|b nc
|2 rdacarrier
|
| 500 |
|
|
|a Cover title.
|
| 500 |
|
|
|a "From Trudy Kazakhskogo Nauchno-Issledovatel'skogo Instituta Lesnogo Khozyaistva, volume 4, pp. 296-319, 1963."
|
| 504 |
|
|
|a Includes bibliographical references (page 26).
|
| 650 |
|
0 |
|a Phytopathogenic fungi.
|
| 710 |
1 |
|
|a United States.
|b Department of Agriculture.
|
| 710 |
2 |
|
|a National Science Foundation (U.S.)
|
| 948 |
|
|
|a cataloged
|b h
|c 2001/11/1
|d c
|e jspillan
|f 9:15:41 am
|
| 994 |
|
|
|a E0
|b TXA
|
| 999 |
|
|
|a MARS
|
| 999 |
f |
f |
|s 476a4c25-6ce4-3a30-9d69-8c1951af1d30
|i bd64a79c-7680-3331-8231-84db05da8a79
|t 0
|
| 952 |
f |
f |
|p ric
|a Texas A&M University
|b Rellis Campus
|c Joint Library Facility
|d Remote Storage
|t 0
|e SB733 .S65 1971
|h Library of Congress classification
|i unmediated -- volume
|m A14828247160
|
| 998 |
f |
f |
|a SB733 .S65 1971
|t 0
|l Remote Storage
|